Statistical techniques in business & economics (Record no. 462)
[ view plain ]
| 000 -LEADER | |
|---|---|
| fixed length control field | 00568nam a2200217Ia 4500 |
| 003 - CONTROL NUMBER IDENTIFIER | |
| control field | OST |
| 005 - DATE AND TIME OF LATEST TRANSACTION | |
| control field | 20240606080817.0 |
| 008 - FIXED-LENGTH DATA ELEMENTS--GENERAL INFORMATION | |
| fixed length control field | 150730s9999 xx 000 0 und d |
| 020 ## - INTERNATIONAL STANDARD BOOK NUMBER | |
| International Standard Book Number | 9780078020520 |
| 040 ## - CATALOGING SOURCE | |
| Transcribing agency | MRUC |
| 050 ## - LIBRARY OF CONGRESS CALL NUMBER | |
| Classification number | HA29.M268 2015 C.2 |
| 100 ## - MAIN ENTRY--PERSONAL NAME | |
| Personal name | Lind, Douglas A.; Marchal, William G. |
| 245 ## - TITLE STATEMENT | |
| Title | Statistical techniques in business & economics |
| 250 ## - EDITION STATEMENT | |
| Edition statement | 16 |
| 264 ## - PRODUCTION, PUBLICATION, DISTRIBUTION, MANUFACTURE, AND COPYRIGHT NOTICE | |
| Place of production, publication, distribution, manufacture | New York |
| 264 ## - PRODUCTION, PUBLICATION, DISTRIBUTION, MANUFACTURE, AND COPYRIGHT NOTICE | |
| Name of producer, publisher, distributor, manufacturer | McGraw-Hill |
| 264 ## - PRODUCTION, PUBLICATION, DISTRIBUTION, MANUFACTURE, AND COPYRIGHT NOTICE | |
| Date of production, publication, distribution, manufacture, or copyright notice | 2015 |
| 650 ## - SUBJECT ADDED ENTRY--TOPICAL TERM | |
| Topical term or geographic name entry element | Social sciences -- Statistical methods |
| 942 ## - ADDED ENTRY ELEMENTS (KOHA) | |
| Source of classification or shelving scheme | Library of Congress Classification |
| Koha item type | Books |
| Withdrawn status | Lost status | Source of classification or shelving scheme | Damaged status | Not for loan | Home library | Current library | Date acquired | Total checkouts | Full call number | Barcode | Date last seen | Date last checked out | Price effective from | Koha item type |
|---|---|---|---|---|---|---|---|---|---|---|---|---|---|---|
| Library of Congress Classification | Murang'a University of Technology Library | Murang'a University of Technology Library | 14/08/2015 | 3 | HA29.M268 2015 C.2 | 000470 | 30/08/2024 | 05/12/2018 | 14/08/2015 | Books |